000 00557nam a22001817a 4500
005 20231114061923.0
008 231114b |||||||| |||| 00| 0 eng d
020 _a0459553062 ; 0459553089
041 _aEnglish
082 _a345 STU
100 _aStuart, D
_lEnglish
245 _aCanadian Criminal Law :
_bA Treatise /
_cD Stuart
250 _aThird Edition
260 _aCanada :
_bThomson Profession Publishing,
_c1995
300 _bil, 672 pages ;
_c26,3 cm.
650 _aLegal practice
_bLaw
942 _cBK
_6ALISON_BN_VRIES
999 _c594
_d594